<?xml version="1.0" encoding="UTF-8"?>
<record
    xmlns:xsi="http://www.w3.org/2001/XMLSchema-instance"
    xsi:schemaLocation="http://www.loc.gov/MARC21/slim http://www.loc.gov/standards/marcxml/schema/MARC21slim.xsd"
    xmlns="http://www.loc.gov/MARC21/slim">

  <leader>00559nam a2200157Ia 4500</leader>
  <controlfield tag="008">240514t2019||||xx |||||||||||||| ||spa||</controlfield>
  <datafield tag="100" ind1=" " ind2=" ">
    <subfield code="a">Cazares Suarez Yamila</subfield>
  </datafield>
  <datafield tag="119" ind1=" " ind2=" ">
    <subfield code="b">Psicolog&#xED;a</subfield>
    <subfield code="c">Desarrollo Psicol&#xF3;gico</subfield>
  </datafield>
  <datafield tag="245" ind1=" " ind2="0">
    <subfield code="a">La evaluaci&#xF3;n del desarrollo integral de las ni&#xF1;as y ni&#xF1;os de la primera infancia, desde lo social persona</subfield>
  </datafield>
  <datafield tag="260" ind1=" " ind2=" ">
    <subfield code="b">Varona, Redalyc</subfield>
    <subfield code="c">2019</subfield>
  </datafield>
  <datafield tag="538" ind1=" " ind2=" ">
    <subfield code="a">Acceso v&#xED;a web</subfield>
  </datafield>
  <datafield tag="540" ind1=" " ind2=" ">
    <subfield code="f">Acceso abierto</subfield>
  </datafield>
  <datafield tag="650" ind1=" " ind2=" ">
    <subfield code="a">Evaluaci&#xF3;n</subfield>
  </datafield>
  <datafield tag="650" ind1="1" ind2="4">
    <subfield code="a">Desarrollo Integral</subfield>
  </datafield>
  <datafield tag="856" ind1=" " ind2=" ">
    <subfield code="u">https://www.redalyc.org/journal/3606/360671311004/</subfield>
  </datafield>
  <datafield tag="952" ind1=" " ind2=" ">
    <subfield code="0">0</subfield>
    <subfield code="1">0</subfield>
    <subfield code="4">0</subfield>
    <subfield code="7">0</subfield>
    <subfield code="8">AAB</subfield>
    <subfield code="9">332134</subfield>
    <subfield code="a">BD-UIN</subfield>
    <subfield code="b">BD-UIN</subfield>
    <subfield code="d">2024-05-17</subfield>
    <subfield code="l">0</subfield>
    <subfield code="r">2024-05-17</subfield>
    <subfield code="w">2024-05-17</subfield>
    <subfield code="y">RAA</subfield>
  </datafield>
  <datafield tag="999" ind1=" " ind2=" ">
    <subfield code="c">174120</subfield>
    <subfield code="d">174120</subfield>
  </datafield>
</record>
